ਜਂਗਲ ਜਂਗਲ ਪਰਬਤ ਪਰਬਤ (Record no. 1464784)

MARC details
000 -LEADER
fixed length control field 00828 a2200229 4500
005 - DATE AND TIME OF LATEST TRANSACTION
control field 20251215124400.0
008 - FIXED-LENGTH DATA ELEMENTS--GENERAL INFORMATION
fixed length control field 251215b |||||||| |||| 00| 0 eng d
020 ## - INTERNATIONAL STANDARD BOOK NUMBER
International Standard Book Number 9788178830647 (hbk)
037 ## - SOURCE OF ACQUISITION
Terms of availability TB
040 ## - CATALOGING SOURCE
Original cataloging agency CRL
Transcribing agency CRL
041 ## - LANGUAGE CODE
Source of code pun
Language code of text/sound track or separate title pun
084 ## - COLON CLASSIFICATION NUMBER
Classification number U8 153R1
Assigning agency CRL
100 ## - MAIN ENTRY--PERSONAL NAME
Personal name ਬਾਵਾ, ਮਨਮੋਹਨ
9 (RLIN) 848406
245 ## - TITLE STATEMENT
Title ਜਂਗਲ ਜਂਗਲ ਪਰਬਤ ਪਰਬਤ
246 ## - VARYING FORM OF TITLE
Title proper/short title Jangle Jangle Parbat Parbat / Manmohan Bawa
260 ## - PUBLICATION, DISTRIBUTION, ETC.
Place of publication, distribution, etc. ludhiana, Bharat:
Name of publisher, distributor, etc. Chetna Prakashan,
Date of publication, distribution, etc. 2021.
300 ## - PHYSICAL DESCRIPTION
Extent 163p.
365 ## - TRADE PRICE
Price amount 150.00
Currency code INR
650 ## - SUBJECT ADDED ENTRY--TOPICAL TERM
Source of heading or term ਸਫਰਨਾਮਾ
942 ## - ADDED ENTRY ELEMENTS (KOHA)
Koha item type Textbook
Source of classification or shelving scheme Colon Classification (CC)
Suppress in OPAC No
Classification part U8 153R1
Holdings
Withdrawn status Lost status Source of classification or shelving scheme Damaged status Not for loan Home library Current library Date acquired Source of acquisition Cost, normal purchase price Inventory number Total Checkouts Full call number Barcode Date last seen Cost, replacement price Price effective from Koha item type
    Colon Classification (CC)     Central Library Central Library 2025-12-15 H.K. Prakashan 120.00 1867/2025/10/24   U8 153R1 CL1924250 2025-10-29 150.00 2025-10-29 Textbook
    Colon Classification (CC)     Central Library Central Library 2025-12-15 H.K. Prakashan 120.00 1867/2025/10/24   U8 153R1 CL1924251 2025-10-29 150.00 2025-10-29 Textbook
    Colon Classification (CC)     Central Library Central Library 2025-12-15 H.K. Prakashan 120.00 1867/ 2025/24/10   U8 153R1 CL1924252 2025-10-29 150.00 2025-10-29 Textbook
    Colon Classification (CC)     Central Library Central Library 2025-12-15 H.K. Prakashan 120.00 1867/ 2025/24/10   U8 153R1 CL1924253 2025-10-29 150.00 2025-10-29 Textbook
    Colon Classification (CC)     Central Library Central Library 2025-12-15 H.K. Prakashan 120.00 1867/ 2025/10/24   U8 153R1 CL1924254 2025-10-29 150.00 2025-10-29 Textbook
Copyright @ Delhi University Library System